Elementos de álgebra lineal
Guardat en:
| Autor principal: | |
|---|---|
| Altres autors: | |
| Format: | Llibre |
| Idioma: | espanyol |
| Publicat: |
Ciudad de México
Limusa-Wiley
1971
|
| Matèries: | |
| Etiquetes: |
Afegir etiqueta
Sense etiquetes, Sigues el primer a etiquetar aquest registre!
|
MARC
| LEADER | 00000nam a2200000 a 4500 | ||
|---|---|---|---|
| 001 | UCQ8321 | ||
| 003 | CL-VaPUC | ||
| 008 | 981209e19710000MX |||||||||||||||||spa|d | ||
| 082 | 0 | 4 | |a 512.5 |b MAR |2 21 |
| 100 | |a Marcus, Marvin |e autor |9 422237 | ||
| 700 | |a Minc, Henryk |e autor |9 423526 | ||
| 245 | 1 | 0 | |a Elementos de álgebra lineal |
| 300 | |a 243 p | ||
| 942 | |c BK | ||
| 945 | |d 19981209 00:00:00 |a crobeson | ||
| 260 | |a Ciudad de México |b Limusa-Wiley |c 1971 | ||
| 650 | 0 | |a Álgebra |9 259567 | |
| 650 | 0 | |a Álgebra lineal |9 260445 | |
| 650 | 0 | |a Vectores |9 317184 | |
| 650 | 0 | |a Matrices |9 22 | |
| 650 | 7 | |a DETERMINANTES |2 CL-VaPUC |9 422239 | |
| 583 | |a last modification |c 19981209 00:00:00 |k Rodrigo Vera | ||
| 999 | |c 277606 |d 277604 | ||
| 952 | |0 0 |1 0 |4 0 |6 512_500000000000000_MAR_1971 |7 0 |8 A |9 315632 |a BIBMAT |b BIBMAT |d 2019-11-20 |i 1301144 |o 512.5 MAR 1971 |p 1301144 |r 2025-01-07 |w 2019-11-20 |y BK |k MAT | ||